Odrobinky z Božieho stola evanjeliové komentáre na rok 2026

Bibliographic Details
Main Author: Lesňák, Tomáš (Author)
Format: Book
Language:Slovak
PhysicalDescription:434 strán 19 cm
Published: Bratislava Lúč 2025
ISBN:9788081792908
Edition:Prvé vydanie
Series:Slovo
Subjects:

MARC

LEADER 00000nam a2200000 4500
003 SK-MaSNL
005 20260512095720.0
008 260512s2025 xo g 000 0 slo
020 |a 9788081792908  |q (brožované) 
038 |a SNK 
040 |a SNK  |b slo  |c SNK  |e rda 
041 0 |a slo 
044 |a xo  |c SK 
072 7 |a 2  |x Náboženstvo  |2 konspekt 
080 |a 2-284  |2 2011 
080 |a (0.072)  |2 2011 
100 1 |a Lesňák, Tomáš  |4 aut  |9 559803 
245 1 0 |a Odrobinky z Božieho stola  |b evanjeliové komentáre na rok 2026  |c Tomáš Lesňák 
246 3 0 |a Evanjeliové komentáre na rok 2026 
250 |a Prvé vydanie 
264 1 |a Bratislava  |b Lúč  |c 2025 
300 |a 434 strán  |c 19 cm 
336 |a text  |b txt  |2 rdacontent 
337 |a bez média  |b n  |2 rdamedia 
338 |a zväzok  |b nc  |2 rdacarrier 
490 1 |a Slovo  |v 3. 
650 0 7 |a dogmatická teológia  |2 SNKPH  |9 1805 
650 0 7 |a Dogmatic theology  |2 SNKPHeng  |9 365218 
655 7 |a komentáre  |2 SNKPH  |9 70412 
655 7 |a Comentaries  |2 SNKPHeng  |9 337808 
830 0 |a Slovo  |9 281838 
852 |a Slovenská národná knižnica 
919 |a 978-80-8179-290-8 
999 |c 3369578  |d 3371508 
952 |t 1  |a SNK  |b SNK  |y NEVYP  |7 1  |p 17A1510088  |o snkSD 94288  |i snk2026/6973  |8 0  |g 0.00  |0 0  |1 0  |2 udc  |4 0  |d 2026-05-12  |l 0  |r 2026-05-12 09:58:07  |w 2026-05-12 
952 |t 2  |a SNK  |b SNK  |y NEVYP  |7 1  |p 17A1510089  |o snkSD 94288 D1  |i snk2026/6974  |8 0  |g 0.00  |0 0  |1 0  |2 udc  |4 0  |d 2026-05-12  |l 0  |r 2026-05-12 09:58:45  |w 2026-05-12